Statistics for Name This Famous Person - Hip Hop Music

Click here to take the quiz!

General Stats

  • This quiz has been taken 63 times
  • The average score is 12 of 16

Answer Stats

Answer% Correct
Snoop Dogg
100%
Tupac Shakur
98%
Eminem
96%
Jay-Z
96%
Kanye West
96%
50 Cent
94%
The Notorious B.I.G.
83%
Lil Wayne
77%
Mac Miller
77%
Dr. Dre
73%
Kendrick Lamar
71%
Lil Nas X
67%
Tyler, the Creator
65%
Nas
54%
Lauryn Hill
50%
André 3000
46%

Score Distribution

Percentile by Number Answered

Percent of People with Each Score

Your Score History

You have not taken this quiz